00824nam a2200181Ia 4500003000900000008004100009040001600050080002200066111008000088245024500168260004800413300002300461650004100484650002600525650001300551700002300564710005500587IN-BaIIA211028s9999 xx 000 0 eng d cIIA Library a524.7(082.1)bEXT aWinter School on Extragalactic Energetic Sourcescindiad1983 Jan. 10-21 0aExtragalactic energetic sourcesbproceedings of the winter school on extragalactic energetic sources, organized by Tata institute of Fundamental Research, January 10-21, 1983cedited by V. K. Kapahi  aBangalorebIndian Academy of Sciencesc1985 a[various pagings.] aAstronomy and Astrophysics thesaurus aExtragalactic objects aGalaxies aKapahi, V. K., ed. aTata Institute of Fundamental Research , Bangalore